|
|
|
|
| LEADER |
00000nam0a2200000 4500 |
| 001 |
71564 |
| 005 |
20231031082740.0 |
| 035 |
|
|
|a (RuTPU)RU\TPU\book\76266
|
| 090 |
|
|
|a 71564
|
| 100 |
|
|
|a 20041221d1982 km y0rusy50 ca
|
| 101 |
0 |
|
|a rus
|
| 102 |
|
|
|a RU
|
| 105 |
|
|
|a a z 011zy
|
| 200 |
1 |
|
|a Книжная сокровищница Сибири
|e К 100-летию со дня основания Научной библиотеки Томского университета
|f М. Р. Филимонов
|g Под ред. Л. И. Боженко
|
| 210 |
|
|
|a Томск
|c Изд-во ТГУ
|d 1982
|
| 215 |
|
|
|a 179 с.
|c ил.
|
| 320 |
|
|
|a Указатель имен: с.175-178
|
| 610 |
1 |
|
|a НБ ТГУ
|
| 610 |
1 |
|
|a история
|
| 610 |
1 |
|
|a развитие
|
| 610 |
1 |
|
|a Сибирь
|
| 610 |
1 |
|
|a Томский государственный университет
|
| 610 |
1 |
|
|a Томск
|
| 610 |
1 |
|
|a фонды
|
| 610 |
1 |
|
|a 19 век
|
| 610 |
1 |
|
|a 20 век
|
| 686 |
|
|
|a ч734(2)
|v LBC/SL-A
|2 rubbk
|
| 700 |
|
1 |
|a Филимонов
|b М. Р.
|g Михаил Родионович
|
| 702 |
|
1 |
|a Боженко
|b Л. И.
|4 340
|
| 801 |
|
1 |
|a RU
|b 63413507
|c 20041221
|g PSBO
|
| 801 |
|
2 |
|a RU
|b 63413507
|c 20100922
|g PSBO
|
| 942 |
|
|
|c BK
|